Az autizmus spektrum zavarral élők munkaerőpiaci kihívásai a pályakezdők körében
| Szerző: | |
|---|---|
| További közreműködők: | |
| Dokumentumtípus: | Diplomadolgozat |
| Kulcsszavak: | autizmus integráció karriertervezés munkahely pályakezdők |
| Online Access: | http://dolgozattar.uni-bge.hu/59504 |
MARC
| LEADER | 00000nta a2200000 i 4500 | ||
|---|---|---|---|
| 001 | dolg59504 | ||
| 005 | 20260409145144.0 | ||
| 008 | 260409suuuu hu om 000 hun d | ||
| 040 | |a BGE Dolgozattár Repozitórium |b hun | ||
| 041 | |a hu | ||
| 100 | 1 | |a Szegi Ildikó | |
| 245 | 1 | 3 | |a Az autizmus spektrum zavarral élők munkaerőpiaci kihívásai a pályakezdők körében |c Szegi Ildikó |h [elektronikus dokumentum] |
| 520 | 3 | |a A szakdolgozat az autizmus spektrum zavarral élő pályakezdők munkaerőpiaci kihívásait vizsgálja, különös tekintettel a munkavállalást befolyásoló társadalmi, oktatási és intézményi tényezőkre. A dolgozat célja feltárni, hogy milyen akadályokkal kell szembenéznie azoknak a fiatal felnőtteknek, akik az oktatási rendszerből kikerülve autista személyként próbálnak meg elhelyezkedni, illetve milyen lehetőségek állnak rendelkezésükre a munkaerőpiacon. A kutatás kvalitatív módszertannal készült: félig strukturált interjúk során három célcsoport – érintett munkavállalók, szüleik, valamint autista személyeket foglalkoztató munkaadók – tapasztalatait dolgoztam fel. Az elemzés során kiemelt figyelmet kapott a munkavégzés körülményeihez való alkalmazkodás, a társas interakciók nehézsége, valamint a támogatási rendszerek működése és hiányosságai. | |
| 695 | |a autizmus | ||
| 695 | |a integráció | ||
| 695 | |a karriertervezés | ||
| 695 | |a munkahely | ||
| 695 | |a pályakezdők | ||
| 700 | 1 | |a Thuma Dr. Orsolya Klára |e ths | |
| 856 | 4 | 0 | |u http://dolgozattar.uni-bge.hu/59504/1/Szegi%20Ildiko%CC%81-Szakdolgozat_2025.pdf |z Dokumentum-elérés |
| 856 | 4 | 0 | |u http://dolgozattar.uni-bge.hu/59504/2/Szegi%20Ildiko%CC%81_KeszeiBarbara.pdf |z Dokumentum-elérés |
| 856 | 4 | 0 | |u http://dolgozattar.uni-bge.hu/59504/3/Szegi%20Ildik%C3%B3%20b%C3%ADr%C3%A1lat%20KSZ.pdf |z Dokumentum-elérés |